000 00394nam a2200145Ia 4500
008 230917s9999||||xx |||||||||||||| ||und||
040 _e100590
_aMAIN
041 _aEnglish
082 _a297.480.9546
100 _aNaquti, Surayia Gull
245 0 _aMir Sayid Ali Hamadani and Kubraviya Sufi ordr in Kashmir
260 _aNew Delhi
_bKanishka
_c2003
300 _axviii, 155 p.
942 _cBK
999 _c116665
_d116665